Top 50 des prénoms garçons et filles années 2020 à aujourd'hui - Statistiques

Statistiques générales
  • Ce quiz a été pris 1 212 fois
  • Le résultat moyen est 28 sur 100
Statistiques - réponses
Prénom % Correct
Lou
82%
Louis
72%
Léa
70%
Léo
67%
Emma
63%
Louise
58%
Paul
54%
Anna
53%
Jade
53%
Lucas
52%
Chloé
51%
Gabriel
50%
Théo
48%
Jules
47%
Camille
46%
Mael
44%
Hugo
42%
Lola
42%
Alice
40%
Inès
39%
Léna
39%
Tom
39%
Zoé
39%
Juliette
38%
Lina
38%
Mathis
38%
Noah
38%
Sarah
38%
Enzo
37%
Lucie
37%
Romane
37%
Rose
37%
Eva
36%
Raphaël
36%
Arthur
34%
Nathan
34%
Noé
34%
Julia
33%
Victor
33%
Jeanne
31%
Ambre
30%
Valentin
30%
Léon
29%
Louna
29%
Alba
28%
Antoine
27%
Charlotte
27%
Mila
25%
Sacha
25%
Ethan
24%
Mia
24%
Axel
23%
Liam
23%
Nina
23%
Martin
22%
Adam
21%
Gabin
21%
Timéo
21%
Luna
20%
Margot
20%
Agathe
19%
Charlie
19%
Margaux
19%
Mohamed
19%
Nino
19%
Nolan
19%
Romy
19%
Olivia
17%
Victoire
17%
Victoria
17%
Sofia
16%
Alma
15%
Malo
14%
Adèle
13%
Eden
13%
Iris
13%
Léonie
13%
Lya
13%
Robin
13%
Alix
12%
Eliott
12%
Gaspard
12%
Rayan
12%
Aaron
11%
Naël
11%
Marius
10%
Milo
10%
Augustin
9%
Inaya
9%
Mya
9%
Tiago
9%
Giulia
8%
Marceau
8%
Isaac
7%
Nour
6%
Ayden
3%
Lyam
3%
Lyana
3%
Amir
2%
Ibrahim
2%
Aucun quiz correspondant
Distribution des résultats
% des personnes avec chaque résultat
Percentile par nombre de réponses
Votre historique - résultats
Vous n’avez pas pris ce quiz